investment management: (Record no. 28294)

MARC details
000 -LEADER
fixed length control field 00858nam a22002417a 4500
005 - DATE AND TIME OF LATEST TRANSACTION
control field 20090715142457.0
008 - FIXED-LENGTH DATA ELEMENTS--GENERAL INFORMATION
fixed length control field 090715t xxu||||| |||| 00| 0 eng d
010 ## - LCCN (DPL NO)
LC control number ENG-94420
020 ## - INTERNATIONAL STANDARD BOOK NUMBER
International Standard Book Number 9788180545412
Terms of availability 215.00
035 ## - SYSTEM CONTROL NUMBER
System control number EN-77953
037 ## - SOURCE OF ACQUISITION
Source of stock number/acquisition DBAD / PUB
040 ## - CATALOGING SOURCE
Original cataloging agency dpl
Language of cataloging English
082 ## - DEWEY DECIMAL CLASSIFICATION NUMBER
Classification number 332.6068
100 ## - MAIN ENTRY--PERSONAL NAME
Personal name Rustagi, R.P.
245 ## - TITLE STATEMENT
Title investment management:
Remainder of title theory and practice /
Statement of responsibility, etc by R.P. Rustagi
250 ## - EDITION STATEMENT
Edition statement 3rd enl ed.
260 ## - PUBLICATION, DISTRIBUTION, ETC. (IMPRINT)
Place of publication, distribution, etc New Delhi
Name of publisher, distributor, etc Sultan Chand
Date of publication, distribution, etc 2009
270 ## - ADDRESS
Address 23, Daryaganj,
City New Delhi
Postal code 110002
300 ## - PHYSICAL DESCRIPTION
Extent xv,388p.
Dimensions 25cm(pbk)
500 ## - GENERAL NOTE
General note Includes glossary
942 ## - ADDED ENTRY ELEMENTS (KOHA)
Source of classification or shelving scheme Dewey Decimal Classification
Item type English Books
Classification part 332.6068
Call number suffix RUS
Holdings
Withdrawn status Lost status Source of classification or shelving scheme Damaged status Not for loan Collection code Home library Current library Date acquired Source of acquisition Cost, normal purchase price Total Checkouts Full call number Barcode Date last seen Copy number Cost, replacement price Koha item type
    Dewey Decimal Classification   Not For Loan Non-fiction D.B.Act.Division D.B.Act.Division 15/07/2009 DBAD / PUB 215.00   332.6068 RUS EN-77953 15/07/2009 1 215.00 English Books

© Delhi Public Library
Hit Counter
free hit counter